| 000 | 00687cab a2200241 4500 | ||
|---|---|---|---|
| 001 | ABS59412 | ||
| 008 | 090401t1998 xxu||||| |||| 00| 0 eng d | ||
| 035 | _a(Sirsi) u89175 | ||
| 041 | _aeng | ||
| 100 | _aCarpenter, A. | ||
| 245 | _aSetting the standard | ||
| 260 | _c1998 | ||
| 350 | _a0 | ||
| 490 |
_aProperty Week _v63(23) 2 October 1998, 30-33(4) |
||
| 520 | _aShows how a property benchmarking system works by reporting on a new service by OMIS research. | ||
| 650 | _aBENCHMARKING | ||
| 650 |
_aBlock management _96220 |
||
| 650 | _aPROPERTY OCCUPIERS | ||
| 650 | _aSPACE UTILISATION | ||
| 690 | _aPROPERTY-COMMERCIAL PROPERTY | ||
| 942 | _n0 | ||
| 948 | _c21/10/1998 | ||
| 999 |
_c56395 _d56395 |
||